=LDR 00000nam 2200000 4500 =001 INLIS000000000058792 =990 ##$$a 3202101761 =005 20211012072620 =990 ##$$a 3202101760 =035 ##$$a 0010-1021000240 =007 ta =008 211012###########################0#ind## =020 ##$$a 978-623-94127-4-6 =082 ##$$a 628.34 =084 ##$$a 628.34 Sum s =245 1#$$a Sampah menjadi berkah /$c H. Sumarlin, SP =250 ##$$a Cet.2 =300 ##$$a 86 halaman : $b Ilustrasi ; $c 20 cm =650 #4$$a Sampah, teknologi =264 ##$$a Yogyakarta :$b Griya Pustaka Utama,$c 2021 =336 ##$$a teks$2 rdacontent =337 ##$$a lain-lain$2 rdamedia =338 ##$$a lain-lain$2 rdacarrier =990 ##$$a 17601760 =990 ##$$a 17601760